000
00348nam a2200169Ia 4500
100
_a
Chun/Wesley J
650
_a
Python
250
_a
3
942
_c
BK
366
_f
20
245
_a
Core Python applications programming
260
_b
Pearson Education
_c
2016
082
_a
5.133
_b
CHUN
300
_a
770
546
_a
ENGLISH
999
_c
28921
_d
28921